Представление документа в формате MARC21

ПолеНазваниеЗначение
  Тип записи a
  Библиографический уровень m
001 Контрольный номер RU\infra-m\znanium\bibl\2218361
005 Дата корректировки 20260429142159.2
008 Кодируемые данные 250827s2025 RU g rus u
020 Индекс ISBN __
a ISBN 978-5-16-016985-9
020 Индекс ISBN __
a ISBN 978-5-16-109561-4 (электр. издание)
040 Источник каталогиз. __
a Служба первич. каталог. Общество с ограниченной ответственностью «ЗНАНИУМ»
041 Код языка издания __
a Код языка текста rus
044 Код страны публикации __
a Код страны публикации RU
080 Индекс УДК __
a Индекс УДК 615.825(075.32)
084 Индекс другой классификации/Индекс ББК __
2 Источник индекса rubbk
a Индекс другой классификации/Индекс ББК 53.54я723
084 Индекс другой классификации/Индекс ББК __
2 Источник индекса okso
a Индекс другой классификации/Индекс ББК 49.02.03
084 Индекс другой классификации/Индекс ББК __
2 Источник индекса okso
a Индекс другой классификации/Индекс ББК 31.02.01
084 Индекс другой классификации/Индекс ББК __
2 Источник индекса okso
a Индекс другой классификации/Индекс ББК 49.02.01
084 Индекс другой классификации/Индекс ББК __
2 Источник индекса okso
a Индекс другой классификации/Индекс ББК 49.02.02
100 Автор __
a Автор Карасева Т.В.
q Полное имя Карасева Татьяна Вячеславовна
u Дополнение Ивановский государственный университет
245 Заглавие __
a Заглавие Лечебная физическая культура при терапевтических заболеваниях
b Продолж. заглавия Учебное пособие
c Ответственность Ивановский государственный университет; Ивановский государственный университет
250 Сведения об издании __
a Основные сведения об издании 1
260 Выходные данные __
a Место издания Москва
b Издательство ООО "Научно-издательский центр ИНФРА-М"
c Дата издания 2026
300 Физическое описание __
a Объем 158 с.
440 Серия __
a Серия Среднее профессиональное образование
520 Аннотация __
a Аннотация В учебном пособии представлены содержание основных разделов курса а также учебно-методические материалы для самостоятельной работы студентов. Предназначено для студентов обучающихся по специальностям 49.02.01 «Физическая культура» 49.02.02 «Адаптивная физическая культура» изучающих дисциплину «Лечебная физическая культура».
521 Примеч. о цел. назн. __
a Примеч. о целев. назн. Среднее профессиональное образование
650 Тематические рубрики __
a Основная рубрика Медицина. Фармакология
x Основная подрубрика Общая терапия.Физиотерапия
655 Указ. предметных рубрик (устаревшее) __
a Жанр/ форма (устаревшее) Учебное пособие
700 Другие авторы __
a Другие авторы Махов А.С.
q Полное имя Махов Александр Сергеевич
u Дополнение Российский государственный социальный университет
700 Другие авторы __
a Другие авторы Замогильнов А.И.
q Полное имя Замогильнов Алексей Иванович
u Дополнение Ивановский государственный университет
700 Другие авторы __
a Другие авторы Толстова С.Ю.
q Полное имя Толстова Светлана Юрьевна
u Дополнение Ивановский государственный университет
856 Электронный адрес документа 4_
a Имя сервера/домена znanium.ru
m Помощь ebs_support@infra-m.ru
n Местонахождение сервера НИЦ ИНФРА-М
u URL https://znanium.ru/catalog/document?id=468816
856 Электронный адрес документа 48
a Имя сервера/домена znanium.ru
d Путь /cover/2218
f Электронное имя 2218361.jpg
q Тип электронного формата image/jpeg
u URL https://znanium.ru/cover/2218/2218361.jpg
911 __
u 0030=https://znanium.ru/catalog/document?id=468816
911 __
u 712a=Ивановский государственный университет